Spracovanie obrazu metódami umelej inteligencie

Saved in:
Bibliographic Details
Main Author: Šípoš, Peter (Author)
Other Authors: Jakab, Marek (Thesis advisor)
Format: Manuscript Book
Language:Slovak
Published: 2020
Subjects:
Online Access:http://is.stuba.sk/zp/portal_zp.pl?podrobnosti=142147
Tags: Add Tag
No Tags, Be the first to tag this record!

MARC

LEADER 00000ntm a22000003a 4500
001 stuzp80627
003 SK-STU
005 20200620212028.5
007 ta
008 150427s2015----xo-----f-mn---000-0-slo-d
040 |a STU  |b slo 
041 0 |a slo 
100 1 |a Šípoš, Peter  |u 070400  |4 aut  |U FIIT Fakulta informatiky a informačných technológií  |T FIIT Ústav počítačového inžinierstva a aplikovanej informatiky  |X 92152  |U I400  |Y 672  |7 92152 
242 0 1 |a Image processing using the methods of artificial intelligence  |y eng 
245 1 0 |a Spracovanie obrazu metódami umelej inteligencie 
260 |c 2020 
650 4 |a Python  |2 slo 
650 4 |a Tensorflow  |2 slo 
650 4 |a Umelá inteligencia  |2 slo 
650 4 |a Spracovanie obrazu  |2 slo 
650 4 |a Python  |2 eng 
650 4 |a Tensorflow  |2 eng 
650 4 |a Artificial intelligence  |2 eng 
650 4 |a Image processing  |2 eng 
700 1 |a Jakab, Marek  |u 070400  |k Z2  |4 ths  |U FIIT Fakulta informatiky a informačných technológií  |T FIIT Ústav počítačového inžinierstva a aplikovanej informatiky  |X 5669  |U I400  |Y 672  |7 A000005669 
856 4 |u http://is.stuba.sk/zp/portal_zp.pl?podrobnosti=142147